00316 2200133 4500001002100000008004100021035002000062245002200082100002100104260001500125082001000140650001200150990002000162INLIS000000000002105 ind  a0010-0824000866 aSIASAT BANGAU TUA aMB. RAHIMSYAH AR bKARYA JAYA a398.5 aDongeng a4574/BBTIV/2023